| 000 | 00569nam a22001937a 4500 | ||
|---|---|---|---|
| 003 | OSt | ||
| 008 | 260429b |||||||| |||| 00| 0 eng d | ||
| 082 |
_a635.656 _bS48S |
||
| 100 | _aSingh, Rabindra Nath. | ||
| 245 |
_aStudies on Genetic Variability, Manifestation of Heterosis and Combining Ability in Pea _cby Rabindra Nath Singh |
||
| 260 |
_a.- Sabour, Bhagalpur _b: Bihar Agricultural College, RAU _c, 1993 |
||
| 300 | _a139p. | ||
| 502 |
_bPh. D. _d1993 |
||
| 650 | _aHorticulture | ||
| 650 | _aPea | ||
| 650 | _aThesis | ||
| 650 | _aPh. D. | ||
| 942 |
_2ddc _cT |
||
| 999 |
_c50282 _d50282 |
||